000 00343nam a2200121Ia 4500
008 230907s9999||||xx |||||||||||||| ||und||
082 _a660.28425
_bCHA
100 _aChattopadhyay, Parthasarathi
_9115335
245 0 _aDistillation engineering handbook :
260 _aMcGraw-Hill,
_bNew Delhi :
_c2012
300 _axxvi, 1302 p.
942 _cBK
999 _c598151
_d598151